Information Security: (Record no. 153006)
[ view plain ]
| 000 -LEADER | |
|---|---|
| fixed length control field | 00677nam a22001817a 4500 |
| 005 - DATE AND TIME OF LATEST TRANSACTION | |
| control field | 20180712105247.0 |
| 010 ## - LCCN (DPL NO) | |
| LC control number | B-126688 |
| 020 ## - INTERNATIONAL STANDARD BOOK NUMBER | |
| International Standard Book Number | 8120325184 |
| Terms of availability | 195.00 |
| 035 ## - SYSTEM CONTROL NUMBER | |
| System control number | B-126688,B-126682 |
| 037 ## - SOURCE OF ACQUISITION | |
| Source of stock number/acquisition | Prentice-Hall of India Private Limited |
| 082 ## - DEWEY DECIMAL CLASSIFICATION NUMBER | |
| Classification number | 005.8 |
| 245 ## - TITLE STATEMENT | |
| Title | Information Security: |
| Remainder of title | An Overview |
| Statement of responsibility, etc | NIIT |
| 260 ## - PUBLICATION, DISTRIBUTION, ETC. (IMPRINT) | |
| Place of publication, distribution, etc | New Delhi |
| Name of publisher, distributor, etc | Prentice-Hall of India Private Limited |
| Date of publication, distribution, etc | 2004 |
| 270 ## - ADDRESS | |
| Address | M-97, Connaught Circus,New Delhi-110001 |
| City | New Delhi |
| Postal code | 110001 |
| 300 ## - PHYSICAL DESCRIPTION | |
| Extent | 239p. |
| Dimensions | 23cm(pb) |
| 942 ## - ADDED ENTRY ELEMENTS (KOHA) | |
| Source of classification or shelving scheme | Dewey Decimal Classification |
| Item type | English Books |
| Classification part | 005.8 |
| Call number suffix | INF |
| Withdrawn status | Lost status | Not for loan | Home library | Current library | Date acquired | Full call number | Barcode | Cost, replacement price | Koha item type | Collection code | Source of acquisition | Cost, normal purchase price |
|---|---|---|---|---|---|---|---|---|---|---|---|---|
| Sarojini Nagar | Sarojini Nagar | 29/06/2018 | 005.8 INF | B-126688 | 195.00 | English Books | ||||||
| Tri Nagar | Tri Nagar | 12/07/2018 | 005.8 INF | B-126682 | 195.00 | English Books | Non-fiction | BPPD/pub | 195.00 |
